Name Any Colorado City A-Z - Statistics

General Stats
  • This quiz has been taken 180 times
  • The average score is 14 of 22
Answer Stats
Letter City % Correct
D Dacono | De Beque | Deer Trail...
100%
C Calhan | Campo | Cañon City...
97%
A Aguilar | Akron | Alamosa...
96%
B Basalt | Bayfield | Bennett...
93%
G Garden City | Genoa | Georgetown...
92%
F Fairplay | Federal Heights | Firestone...
85%
L La Jara | La Junta | La Veta...
82%
P Pagosa Springs | Palisade | Palmer Lake...
82%
S Saguache | Salida | San Luis...
73%
T Telluride | Thornton | Trinidad...
73%
E Eads | Eagle | Eaton...
66%
M Manassa | Mancos | Manitou Springs...
66%
V Vail | Victor | Vilas...
65%
W Walden | Walsenburg | Walsh...
65%
Y Yampa | Yuma
48%
R Ramah | Rangely | Raymer...
47%
O Oak Creek | Olathe | Olney Springs...
46%
K Keenesburg | Kersey | Kim...
36%
N Naturita | Nederland | New Castle...
36%
I Idaho Springs | Ignacio | Iliff
35%
J Jamestown | Johnstown | Julesburg
32%
H Hartman | Haswell | Haxtun...
31%
No matching quizzes found
Score Distribution
Percent of People with Each Score
Percentile by Number Answered
Your Score History
You have not taken this quiz